000 00683cam a2200217 a 4500
001 000009183
005 20200929161518.0
008 720703s1966 mx 001 f spa
040 _aDO-SdBNP
_bspa
_dBNPHU
082 _aG863.44
_bM774L
100 1 _aMonteforte Toledo, Mario,
_d1911-2003
_923853
245 1 0 _aLlegaron del mar /
_cMario Monteforte Toledo.
260 _aMéxico :
_bJoaquín Mortiz,
_c1966.
300 _a235 p. ;
_c20 cm.
490 1 _aNovelistas contemporáneos
650 4 _aNovela guatemalteca
_95392
650 4 _aLiteratura guatemalteca
_95393
830 0 _aNovelistas contemporáneos
_911918
910 _aValidado. Control de calidad BNPHU
049 _aBNGR
999 _c8946
_d8946